Historia de la música occidental
Gespeichert in:
| Hauptverfasser: | , |
|---|---|
| Weitere Verfasser: | |
| Format: | Buch |
| Sprache: | Spanisch |
| Veröffentlicht: |
Madrid, España
Alianza Editorial
2015
|
| Ausgabe: | Octava edición |
| Schriftenreihe: | Alianza Música
|
| Schlagworte: | |
| Tags: |
Tag hinzufügen
Keine Tags, Fügen Sie den ersten Tag hinzu!
|
MARC
| LEADER | 00000cam a2200000 a 4500 | ||
|---|---|---|---|
| 001 | UCD6851 | ||
| 003 | CL-VaPUC | ||
| 005 | 20240924123342.0 | ||
| 008 | 170226e20150000sp |||||||||||||||||spa|d | ||
| 999 | |c 367028 |d 367026 | ||
| 020 | |a 9788420699141 | ||
| 040 | |c Pontificia Universidad Católica de Valparaíso | ||
| 082 | 0 | 4 | |a 780.9 BUR 2015 |2 21 |
| 100 | 0 | |a Burkholder, J. Peter |e author |9 590697 | |
| 245 | 1 | 0 | |a Historia de la música occidental |
| 250 | |a Octava edición | ||
| 260 | |a Madrid, España |b Alianza Editorial |c 2015 | ||
| 300 | |a 1269 páginas | ||
| 490 | 0 | |a Alianza Música | |
| 583 | |a last modification |c 20170226 00:48:00 |k Rodrigo Vera | ||
| 650 | 0 | |a Música occidental |9 326969 | |
| 650 | 0 | |a Historia de la música |y SIGLO 20 |9 306741 | |
| 650 | 0 | |a Música contemporánea |9 306742 | |
| 650 | 0 | |a Música tradicional |9 459272 | |
| 700 | |a Grout, Donald Jay |e author |9 611973 | ||
| 700 | |a Palisca, Claude V. |e autor |9 590699 | ||
| 942 | |c BK |2 ddc | ||
| 945 | |d 20170226 00:48:00 |a arojas | ||
| 952 | |0 0 |1 0 |2 ddc |3 erb |4 0 |6 780_900000000000000_BUR_2015 |7 0 |8 R |9 481708 |a BIBEDU |b BIBEDU |i 5361206 |l 7 |m 1 |o 780.9 BUR 2015 |p 5361206 |r 2023-11-29 |s 2023-11-29 |t 1 |w 2019-11-24 |y BK_R |z Catalogado en:20170226 |k MUS | ||
| 952 | |0 0 |1 0 |2 ddc |3 erb |4 0 |6 780_900000000000000_BUR_2015 |7 0 |8 R |9 481709 |a BIBMUS |b BIBEDU |i 5361214 |l 9 |o 780.9 BUR 2015 |p 5361214 |r 2024-08-01 |s 2024-07-26 |t 2 |w 2019-11-24 |y BK_R |z Catalogado en:20170226 |k MUS | ||